Visualizzazione normale
Vista MARC
- Ponchielli Amilcare
di Personal Name
Records bibliografici associati: 1
001 - CONTROL NUMBER
- control field: 27941
003 - CONTROL NUMBER IDENTIFIER
- control field: IT-RoPau
005 - DATE AND TIME OF LATEST TRANSACTION
- control field: 20140529164849.0
008 - FIXED-LENGTH DATA ELEMENTS
- fixed length control field: 140529|| aca||aabn | a|a d
040 ## - CATALOGING SOURCE
- Original cataloging agency: IT-RoPau
- Transcribing agency: IT-RoPau
100 ## - HEADING--PERSONAL NAME
- Personal name: Ponchielli Amilcare
- Dates associated with a name: Codice autore musica SPICS: 13061
- Relator term: Autore musica
- Name of part/section of a work: La danza delle ore dall'opera "La Gioconda"
670 ## - SOURCE DATA FOUND
- Source citation: Work cat.: (IT-RoPau)103999: AA.VV. 794, Fantasia-Il capolavoro di Walt Disney